[Event "Descubriendo un Capablanca tt"]
[Site "Havana"]
[Date "2018.??.??"]
[Round "3.2"]
[White "Gonzalez Gomez, Ariel"]
[Black "Osorio Martinez, Robin"]
[Result "1-0"]
[WhiteElo "1745"]
[BlackElo "1645"]
[PlyCount "69"]
[EventDate "2018.07.02"]
[EventType "team-tourn"]
[EventRounds "10"]
[EventCountry "CUB"]
[SourceTitle "EXT 2021"]
[Source "ChessBase"]
[SourceDate "2020.10.23"]
[SourceVersion "1"]
[SourceVersionDate "2020.10.23"]
[SourceQuality "1"]

1. d4 Nf6 2. Nf3 g6 3. c4 Bg7 4. Nc3 d6 5. e4 Nbd7 6. Be2 e5 7. dxe5 dxe5 8. 0-0 0-0 9. Bg5 h6 10. Be3 Ng4 11. Bd2 f5 12. h3 Ngf6 13. Be3 f4 14. Bd2 g5 15. b4 Qe7 16. Nd5 Qd6 17. c5 Nxc5 18. bxc5 Qxc5 19. Bb4 Qxd5 20. exd5 Rd8 21. Nxe5 Ne4 22. Qd4 Bf5 23. Bf3 Nf6 24. Qc4 Nd7 25. Nxd7 Bxa1 26. Rxa1 Rxd7 27. d6+ Kg7 28. Bxb7 Rad8 29. dxc7 Rd1+ 30. Rxd1 Rxd1+ 31. Kh2 Rb1 32. Bc3+ Kf8 33. Qc5+ Ke8 34. Qxf5 Rxb7 35. Qe6+ 1-0